000 00943nam a2200229 i 4500
001 187695
003 ES-MaACL
005 20251113184755.0
008 180125s1926 sp aco |||| |bspa d
080 _a929 Miguel Febres-Cordero Muñoz, Santo
100 0 _aReligioso de la misma Congregación, un.
_9164257
245 1 0 _aBiografía del siervo de Dios Hermano Miguel de la Escuelas Cristianas
_b: 1854 - 1910 /
_cpor un Religioso de la misma Congregación.
246 3 _iPrecede al tít.
_aUna gloria americana
250 _a2ª ed., notablemente amp.
260 _aBarcelona :
_bLuis Gili,
_c1926.
300 _aXV, 335 p. :
_bil., retr., fot. ;
_c23 cm.
500 _aÍndice.
599 _aEn anteport.: retr. del biografiado.
600 0 7 _aMiguel Febres-Cordero Muñoz,
_cSanto,
_d1854-1910
_2
_9164256
852 _aES-MaACL
_jL-31860
_z. - Donat. herederos de la bibl. de Mª del Pilar Costa Palacín
999 _c187695
_d187695